Central Library OPAC University of Rajshahi

How to know the freshwater algae / (Record no. 62101)

MARC details
000 -LEADER
fixed length control field 00777nam a2200253 a 4500
001 - CONTROL NUMBER
control field 62101
003 - CONTROL NUMBER IDENTIFIER
rucl marc code BD-RjUL
005 - DATE AND TIME OF LATEST TRANSACTION
control field 20211209081037.0
008 - FIXED-LENGTH DATA ELEMENTS--GENERAL INFORMATION
fixed length control field 190313s1954 iaua b 000 0 eng d
035 ## - SYSTEM CONTROL NUMBER
System control number (BD-RjUL)62226
040 ## - CATALOGING SOURCE
Original cataloging agency UXW
Transcribing agency UXW
Modifying agency OCL
-- OCLCQ
-- MYG
-- BD-RjUL
Language of cataloging eng
041 ## - LANGUAGE CODE
Language code of text/sound track or separate title eng
049 ## - LOCAL HOLDINGS (OCLC)
Holding library MYGG
082 ## - DEWEY DECIMAL CLASSIFICATION NUMBER
Edition number 23
Classification number 579.8
Author mark and year PRH 1954
100 1# - MAIN ENTRY--PERSONAL NAME
Personal name Prescott, G. W.
Fuller form of name (Gerald Webber),
Dates associated with a name 1899-1988.
9 (RLIN) 229372
245 10 - TITLE STATEMENT
Title How to know the freshwater algae /
Statement of responsibility, etc. [by] G.W. Prescott.
260 ## - PUBLICATION, DISTRIBUTION, ETC. (IMPRINT)
Place of publication, distribution, etc. Dubuque, Iowa :
Name of publisher, distributor, etc. W.C. Brown Co.
Date of publication, distribution, etc. 1954.
300 ## - PHYSICAL DESCRIPTION
Pagination 211 p.:
Illustrations illus.;
Size 22 cm.
490 1# - SERIES STATEMENT
Series statement Pictured key nature series
504 ## - BIBLIOGRAPHY, ETC. NOTE
Bibliography, etc Bibliography: p. 18-19.
650 #0 - SUBJECT ADDED ENTRY--TOPICAL TERM
Topical term or geographic name as entry element Freshwater algae
9 (RLIN) 229373
830 #0 - SERIES ADDED ENTRY--UNIFORM TITLE
Uniform title Pictured key nature series.
942 ## - ADDED ENTRY ELEMENTS (KOHA)
Source of classification or shelving scheme Dewey Decimal Classification
Koha item type Books
Holdings
Lost status Source of classification or shelving scheme Damaged status Not for loan Collection code Permanent Location Current Location Shelving location Date acquired Source of acquisition Cost, normal purchase price Total Checkouts Full call number Date last seen Copy number Koha item type
  Dewey Decimal Classification   Not For Loan Non-fiction Central Library, University of Rajshahi Central Library, University of Rajshahi Reading Room 30/05/1964 Zeitlinger 20.00   579.8 PRH 1954 13/03/2019 C-1 Books